000 00318nam a2200121Ia 4500
008 190216s9999||||xx |||||||||||||| ||und||
100 _aJohn Rickman
245 2 _aA General Selection From The Works Of Sigmlind Freuid
260 _bAnchor Books Newyork
300 _a294
650 _aPsychology-English
942 _cBK
999 _c14023
_d14023